大阪/伊丹空港を発着する路線 - Statistics

General Stats
  • This quiz has been taken 29 times
  • The average score is 24 of 26
Answer Stats
Answer % Correct
新千歳
100%
函館
100%
青森
100%
秋田
100%
花巻
100%
仙台
100%
福島
100%
東京国際
100%
成田
100%
新潟
100%
高知
100%
福岡
100%
長崎
100%
熊本
100%
鹿児島
100%
奄美
100%
那覇
100%
松山
95%
大分
95%
三沢
90%
宮崎
90%
山形
86%
出雲
81%
屋久島
71%
但馬
57%
隠岐
52%
No matching quizzes found
Score Distribution
Percent of People with Each Score
Percentile by Number Answered
Your Score History
You have not taken this quiz